000 00885nam a2200229 a 4500
001 22473
003 CO-ViMGA
008 141112s2004 ck r 000 u spa d
020 _a9588205514
040 _aCO-ViMGA
_bspa
_cCO-ViMGA
082 _a334 J145t
100 1 _aJaime Cuadros, Maria del Pilar
_94229
245 1 0 _aTextos guía de economía solidaria :
_bOrganos administración y control
260 _aMedellín :
_bUniversidad Cooperativa de Colombia,
_c2004
300 _a144
490 _aEconomía solidaria
505 _aAsamblea general de asociados 9 - 33 - - Consejo de administración o juntas directivas 45 - 62 - - Juntas de vigilancia 83 - 94
590 _aForma de adquisición : Donación - - Precio : 13000 - - Fecha de adquisición : 2008
650 1 4 _aCOOPERATIVISMO - COLOMBIA
_94230
650 1 4 _aECONOMíA SOLIDARIA - COLOMBIA
_94231
942 _2ddc
_cBK
999 _c10990
_d10990